La zona peligrosa = The Danger Zone /

Dirigido a un público juvenil, en tres programas se explican los efectos, a corto y largo plazo, del consumo de tabaco, alcohol, marihuana, inhalantes y medicinas. Se les ofrecen una serie de medidas para mantenerse alejados de las drogas, especialmente a las presiones sociales para consumirlas.

Tallennettuna:
Bibliografiset tiedot
Päätekijä: Mazzarella, Mark (realización)
Aineistotyyppi: Dia
Kieli:englanti
Julkaistu: México : Quality Films, 2007, c2007
Sarja:(Ideas Educativas. Adicciones)
(Ideas Educativas. Retos y Dilemas Contemporáneos)
Aiheet:
Tagit: Lisää tagi
Ei tageja, Lisää ensimmäinen tagi!

MARC

LEADER 00000ngm^a2200000^a^4500
001 000290104
005 20250521000000.0
009 20260310111957.842
037 |a Acervo ITESO - Biblioteca 
041 |a ING 
082 |a 816. 86  |b MAZ 
100 |a Mazzarella, Mark  |e (realización) 
245 1 3 |a La zona peligrosa =  |b The Danger Zone /  |c Realización de M. Mazzarella. 
264 4 |a México :  |b Quality Films,  |c 2007, c2007 
300 |a 1 DVD regiones 1 y 4  |c (16, 17, 19 min.) 
336 |a imagen móvil bidimensional  |b tdi  |2 rdacontenido 
337 |a video  |b v  |2 rdamedio 
338 |a videodisco  |b vd  |2 rdasoporte 
440 1 |a (Ideas Educativas.  |p Adicciones) 
440 1 |a (Ideas Educativas.  |p Retos y Dilemas Contemporáneos) 
520 |a Dirigido a un público juvenil, en tres programas se explican los efectos, a corto y largo plazo, del consumo de tabaco, alcohol, marihuana, inhalantes y medicinas. Se les ofrecen una serie de medidas para mantenerse alejados de las drogas, especialmente a las presiones sociales para consumirlas. 
546 |a En inglés, con subtítulos opcionales: español 
546 |a Doblaje opcional: español 
649 |a XX 
650 |a Adolescentes 
650 |a Jóvenes 
650 |a Tabaquismo 
650 |a Alcoholismo 
650 |a Drogadicción 
650 |a Adicciones -  |x Aspectos Sociales y Culturales -  |x Tema Principal 
650 |a Adicciones -  |x Prevención -  |x Tema Principal 
650 |a Drogas 
650 |a Problemas Sociales 
650 |a Psicopatología 
910 |a Fondo General 
920 |a Audiovisuales - DVDs 
940 |a Películas 
905 |a 302 
901 |a 0500170335  |b IT2  |c DVS  |u 20250521 
902 |a https://opac.biblio.iteso.mx/vufind/Record/000290104